| 000 | 00690nam a22002177a 4500 | ||
|---|---|---|---|
| 999 |
_c6921 _d6921 |
||
| 003 | OSt | ||
| 005 | 20210510155307.0 | ||
| 008 | 210510b ||||| |||| 00| 0 eng d | ||
| 020 | _a9788126526437 | ||
| 040 | _cDDC | ||
| 082 | _a571.43 SEG 2004 | ||
| 100 |
_a Segel, Irwin H. _914197 |
||
| 245 |
_aBiochemical Calculations : _b How to solve Mathematical Problems in General Biochemistry |
||
| 250 | _aSecond edition | ||
| 260 |
_aNew York : _bWiley, _c ©2004 |
||
| 300 |
_axiii, 441 pages : _b illustrations ; _c26 cm |
||
| 504 | _aIncludes index. | ||
| 650 |
_a Biochemistry -- Mathematics _914198 |
||
| 650 |
_a Biochemistry -- Problems, exercises, etc. _914199 |
||
| 942 |
_2ddc _cBOOK |
||